Analýza vybraných modelov hodnotiacich vývoj hypotekárnych trhov v rámci eurozóny

Sledovanie vývoja hypotekárneho trhu v eurozóne je vzhľadom na známe spúšťače poslednej svetovej finančnej krízy nevyhnutnosťou. Taktiež potrebné je na národnej ako aj medzinárodnej úrovni prognózovanie smerovania trhu do budúcnosti. Príspevok sa venuje analýze existujúcich modelov schopných predpov...

Ausführliche Beschreibung

Gespeichert in:
Bibliographische Detailangaben
1. Verfasser: Kelemenová, Monika
Format: Buchkapitel
Sprache:Slowakisch
Schlagworte:
Tags: Tag hinzufügen
Keine Tags, Fügen Sie das erste Tag hinzu!

MARC

LEADER 00000nla a2200000 4500
001 0181105
005 20240502073112.6
041 0 |a slo 
044 |a SK 
245 1 0 |a Analýza vybraných modelov hodnotiacich vývoj hypotekárnych trhov v rámci eurozóny  |c Monika Kelemenová 
520 |a Sledovanie vývoja hypotekárneho trhu v eurozóne je vzhľadom na známe spúšťače poslednej svetovej finančnej krízy nevyhnutnosťou. Taktiež potrebné je na národnej ako aj medzinárodnej úrovni prognózovanie smerovania trhu do budúcnosti. Príspevok sa venuje analýze existujúcich modelov schopných predpovedať vývoj objemu poskytnutých úverov ako jedného z hlavných indikátorov vývoja hypotekárneho trhu. Cieľom príspevku je zhodnotenie relevantnosti faktorov použitých v jednotlivých modeloch a ich popísanie. 
610 2 0 |a trh hypotekárny 
610 2 0 |a úver hypotekárny 
610 2 0 |a modely ekonometrické 
610 2 0 |a prognózy 
610 2 0 |a eurozóna 
100 1 |a Kelemenová, Monika